000 00677nam a22001577a 4500
999 _c80192
_d80192
008 201127b ||||| |||| 00| 0 eng d
040 _aISIL EINTRAGEN
_bger
_cSTAFF
_erda
041 _ager
100 _aHnida, Jan-Henrik
245 _a"Little John Bikes" eröffnet bald in ehemaliger Kaufhalle
_bWirtschaft: Derzeit richten Handwerker die Räumlichkeiten in der Berliner Straße her. Der Fahrrad-Discounter will am 9. Januar starten.
773 _g31. Jahrgang (2020) Nr. 274 vom 24.11.2020, S. 13
_dFrankfurt (Oder) Märkisches Verlags- und Druckhaus GmbH & Co KG
_tMärkische Oderzeitung
942 _cA